000 00518nam a2200193 a 4500
001 1770381888522
003 YourLibrary
005 20260206181647.0
008 260206s1989##################000#0#eng##
020 _a9780820410616
082 0 4 _a306.0973
_bARD
100 1 _aArd, Ben N.,
_eauthor.
245 1 0 _aSolving Sexual Problems in the 1990s :
260 _bPeter Lang Pub Incorporated,
_c1989.
300 _a302 pages
650 0 _aPsychology.
942 _cENGLISH
040 _aYourLibrary
_beng
_cYourLibrary
999 _c610721
_d610721